000 00377pab a2200157 454500
008 180718b2008 xxu||||| |||| 00| 0 eng d
100 _aShyam Chand
245 _aUgly hidden face of terrorism: vigilance is the price of liberty
260 _c2008
300 _ap.20-22.
362 _a6 Sep
650 _aTerrorism
773 _aMainstream
908 _aN
909 _a79405
999 _c79405
_d79405